Deep Purple Members - Statistics

General Stats
  • This quiz has been taken 59 times
  • The average score is 11 of 15
Answer Stats
Instruments Years Active Name % Correct
Guitar 1968-1975, 1984-1993 Ritchie Blackmore
100%
Lead Vocals 1969-1973, 1984-1989, 1992-present Ian Gillan
94%
Keyboards 1968-1976, 1984-2002 Jon Lord
92%
Lead Vocals 1973-1976 David Coverdale
88%
Drums All time Ian Paice
88%
Bass Guitar 1969-1973, 1984-present Roger Glover
82%
Lead Vocals and Bass Guitar 1973-1976 Glenn Hughes
76%
Guitar 1994-2022 Steve Morse
71%
Guitar 1975-1976 Tommy Bolin
63%
Keyboards 2002-present Don Airey
61%
Bass Guitar 1968-1969 Nick Simper
57%
Lead Vocals 1968-1969 Rod Evans
55%
Guitar 1993-1994 Joe Satriani
51%
Lead Vocals 1989-1992 Joe Lynn Turner
49%
Guitar 2022-present Simon McBride
33%
No matching quizzes found
Score Distribution
Percent of People with Each Score
Percentile by Number Answered
Your Score History
You have not taken this quiz